000 00330 a2200157 4500
001 176548
020 _a
040 _cMagnum
100 _aSchmitt, Carlos A.
240 1 0 _aSei em quem acredito
_lpor
245 1 0 _aSei em quem acredito
362 0 _a1899
440 1 _aPaulinas
697 _aMAGNITO: RELIGIAO
942 _cBK
999 _c176548
_d176548